Statistiques concernant Classement général Giro d'Italia 2020

Cliquez ici pour prendre le quiz!

Statistiques générales

  • Ce quiz a été pris 70 fois
  • Le résultat moyen est 13 sur 20

Statistiques - réponses

PlaceNationalitéEquipeRéponseTemps% Correct
4emePortugalDeceuninck-Quick StepJoao Almeida+02'57''
91%
1erRoyaume-UniIneos GrenadiersTao Geoghegan Hart85h40'21''
91%
2emeAustralieTeam SunwebJai Hindley+00'39''
87%
3emePays-BasTeam SunwebWilco Kelderman+01'29''
87%
5emeEspagneBahrain-McLarenPello Bilbao+03'09''
83%
12emePologneBora-HansgroheRafal Majka+20'31''
83%
7emeItalieTrek-SegafredoVincenzo Nibali+08'15''
83%
6emeDanemarkAstana Pro TeamJakob Fuglsang+07'02''
81%
8emeAutricheBora-HansgrohePatrick Konrad+08'42''
81%
16emeFranceAG2R La MondialeAurélien Paret-Peintre+45'04''
65%
11emeItalieNTT Pro CyclingDomenico Pozzovivo+11'52''
65%
14emeRoyaume-UniDeceuninck-Quick StepJames Knox+37'41''
65%
9emeItalieDeceuninck-Quick StepFausto Masnada+09'57''
63%
15emeEtats-UnisUAE Team EmiratesBrandon McNulty+38'10''
59%
17emeEtats-UnisAG2R La MondialeLarry Warbasse+53'25''
52%
20emeAustralieNTT Pro CyclingBen O'Connor+01h02'57''
50%
10emeAutricheBahrain-McLarenHermann Pernsteiner+11'05''
39%
18emeRoyaume-UniIneos GrenadiersBen Swift+57'36''
28%
19emeEspagneMovistar TeamAntonio Pedrero+59'36''
26%
13emeEspagneMovistar TeamSergio Samitier+35'29''
17%

Distribution des résultats

Percentile par nombre de réponses

% des personnes avec chaque résultat

Votre développement - résultats

Vous n’avez pas pris ce quiz